[Event "Stay Safe Play From Home 294"]
[Site "Emanuel Lasker Arena"]
[Date "2020.07.10"]
[Round "4"]
[White "Edmatuag"]
[Black "Timbre"]
[Result "1-0"]
[WhiteElo "1733"]
[BlackElo "1604"]
[Annotator "NA"]
[PlyCount "109"]
[EventDate "2020.07.10"]
[EventType "swiss (blitz)"]

1. e4 {[%emt 0:00:01]} c6 {[%emt 0:00:12]} 2. f4 {[%emt 0:00:03]} d5 {[%emt 0:00:01]} 3. e5 {[%emt 0:00:01]} Bf5 {[%emt 0:00:02]} 4. d4 {[%emt 0:00:01]} e6 {[%emt 0:00:01]} 5. Nf3 {[%emt 0:00:01]} a6 {[%emt 0:00:02]} 6. Nc3 {[%emt 0:00:02]} c5 {[%emt 0:00:01]} 7. Be3 {[%emt 0:00:02]} cxd4 {[%emt 0:00:02]} 8. Bxd4 {[%emt 0:00:02]} Nc6 {[%emt 0:00:02]} 9. Qd2 {[%emt 0:00:01]} Bb4 {[%emt 0:00:03]} 10. a3 {[%emt 0:00:08]} Ba5 {[%emt 0:00:06]} 11. Bc5 {[%emt 0:00:04]} Bb6 {[%emt 0:00:03]} 12. Bd6 {[%emt 0:00:06]} Bc7 {[%emt 0:00:03]} 13. Bc5 {[%emt 0:00:06]} Bb6 {[%emt 0:00:02]} 14. Qf2 {[%emt 0:00:05]} Bxc5 {[%emt 0:00:03]} 15. Qxc5 {[%emt 0:00:01]} Nge7 {[%emt 0:00:01]} 16. b4 {[%emt 0:00:08]} O-O {[%emt 0:00:03]} 17. b5 {[%emt 0:00:01]} axb5 {[%emt 0:00:02]} 18. Bxb5 {[%emt 0:00:01]} Bxc2 {[%emt 0:00:09]} 19. O-O {[%emt 0:00:13]} Bg6 {[%emt 0:00:04]} 20. Rfc1 {[%emt 0:00:06]} Na5 {[%emt 0:00:07]} 21. Qb4 {[%emt 0:00:08]} Rc8 {[%emt 0:00:06]} 22. Ne2 {[%emt 0:00:09]} Be4 {[%emt 0:00:13]} 23. Nfd4 {[%emt 0:00:02]} Nf5 {[%emt 0:00:07]} 24. Rxc8 {[%emt 0:00:06]} Qxc8 {[%emt 0:00:07]} 25. Nxf5 {[%emt 0:00:06]} Bxf5 {[%emt 0:00:09]} 26. Qxa5 {[%emt 0:00:02]} Qc2 {[%emt 0:00:06]} 27. Rc1 {[%emt 0:00:08]} Qb2 {[%emt 0:00:10]} 28. Qb4 {[%emt 0:00:02]} Qa2 {[%emt 0:00:10]} 29. Qc3 {[%emt 0:00:41]} Be4 {[%emt 0:00:15]} 30. Bd3 {[%emt 0:00:03]} Bxd3 {[%emt 0:00:07]} 31. Qxd3 {[%emt 0:00:01]} Qb2 {[%emt 0:00:02]} 32. Kf1 {[%emt 0:00:11]} Qb6 {[%emt 0:00:03]} 33. Qd4 {[%emt 0:00:03]} Qd8 {[%emt 0:00:03]} 34. g3 {[%emt 0:00:05]} h6 {[%emt 0:00:01]} 35. Qc5 {[%emt 0:00:02]} h5 {[%emt 0:00:05]} 36. Nd4 {[%emt 0:00:02]} h4 {[%emt 0:00:02]} 37. g4 {[%emt 0:00:01]} h3 {[%emt 0:00:03]} 38. g5 {[%emt 0:00:01]} Qa8 {[%emt 0:00:04]} 39. Nb5 {[%emt 0:00:04]} Qa4 {[%emt 0:00:09]} 40. Qb4 {[%emt 0:00:01]} Qa6 {[%emt 0:00:07]} 41. Kf2 {[%emt 0:00:11]} Qb6+ {[%emt 0:00:03]} 42. Nd4 {[%emt 0:00:02]} Qa6 {[%emt 0:00:05]} 43. Qc3 {[%emt 0:00:12]} g6 {[%emt 0:00:09]} 44. Kg3 {[%emt 0:00:01]} Kg7 {[%emt 0:00:03]} 45. Re1 {[%emt 0:00:19]} Rh8 {[%emt 0:00:10]} 46. Kf2 {[%emt 0:00:17]} b5 {[%emt 0:00:03]} 47. Re3 {[%emt 0:00:01]} Qa4 {[%emt 0:00:08]} 48. Qb4 {[%emt 0:00:09]} Qd1 {[%emt 0:00:09]} 49. Nf3 {[%emt 0:00:07]} Qc2+ {[%emt 0:00:08]} 50. Re2 {[%emt 0:00:01]} Qd1 {[%emt 0:00:02]} 51. Qe7 {[%emt 0:00:02]} d4 {[%emt 0:00:05]} 52. Qf6+ {[%emt 0:00:01]} Kg8 {[%emt 0:00:01]} 53. Rd2 {[%emt 0:00:02]} Qb3 {[%emt 0:00:06]} 54. Rxd4 {[%emt 0:00:01]} Qb2+ {[%emt 0:00:11]} 55. Rd2 {[%emt 0:00:03] Time (Lag: Av=0.59s, max=0.9s)} 1-0

[Event "Stay Safe Play From Home 294"]
[Site "Emanuel Lasker Arena"]
[Date "2020.07.10"]
[Round "4"]
[White "Shyamph1980"]
[Black "Bishop91"]
[Result "0-1"]
[WhiteElo "1630"]
[BlackElo "1729"]
[Annotator "NA"]
[PlyCount "64"]
[EventDate "2020.07.10"]
[EventType "swiss (blitz)"]

1. e4 {[%emt 0:00:03]} e6 {[%emt 0:00:02]} 2. d4 {[%emt 0:00:02]} d5 {[%emt 0:00:00]} 3. Nc3 {[%emt 0:00:01]} Nf6 {[%emt 0:00:02]} 4. e5 {[%emt 0:00:02]} Nfd7 {[%emt 0:00:02]} 5. Nf3 {[%emt 0:00:02]} c5 {[%emt 0:00:02]} 6. Be3 {[%emt 0:00:02]} a6 {[%emt 0:00:02]} 7. Ne2 {[%emt 0:00:06]} Nc6 {[%emt 0:00:10]} 8. c3 {[%emt 0:00:02]} b5 {[%emt 0:00:08]} 9. Ng3 {[%emt 0:00:08]} Bb7 {[%emt 0:00:07]} 10. Be2 {[%emt 0:00:01]} Be7 {[%emt 0:00:03]} 11. O-O {[%emt 0:00:03]} Qb6 {[%emt 0:00:04]} 12. Rc1 {[%emt 0:00:32]} h5 {[%emt 0:00:15]} 13. h4 {[%emt 0:00:04]} O-O-O {[%emt 0:00:09]} 14. a4 {[%emt 0:00:05]} f5 {[%emt 0:00:11]} 15. axb5 {[%emt 0:00:16]} axb5 {[%emt 0:00:02]} 16. Ng5 {[%emt 0:00:08]} Bxg5 {[%emt 0:00:06]} 17. Bxg5 {[%emt 0:00:04]} Rdf8 {[%emt 0:00:00]} 18. Qb3 {[%emt 0:00:44]} c4 {[%emt 0:00:06]} 19. Qc2 {[%emt 0:00:11]} f4 {[%emt 0:00:08]} 20. Nxh5 {[%emt 0:00:03]} f3 {[%emt 0:00:18]} 21. Bxf3 {[%emt 0:00:04]} Rxf3 {[%emt 0:00:01]} 22. gxf3 {[%emt 0:00:04]} Rxh5 {[%emt 0:00:02]} 23. Qg6 {[%emt 0:00:05]} Rh8 {[%emt 0:00:02]} 24. Qxg7 {[%emt 0:00:06]} Rf8 {[%emt 0:00:01]} 25. Kg2 {[%emt 0:00:05]} b4 {[%emt 0:00:08]} 26. Be7 {[%emt 0:00:06]} Re8 {[%emt 0:00:12]} 27. Bg5 {[%emt 0:00:07]} Nxd4 {[%emt 0:00:18]} 28. cxd4 {[%emt 0:00:09]} Qxd4 {[%emt 0:00:00]} 29. Qf7 {[%emt 0:00:18]} Rf8 {[%emt 0:00:22]} 30. Qxe6 {[%emt 0:00:04]} Qxb2 {[%emt 0:00:23]} 31. Rb1 {[%emt 0:00:02]} Qc3 {[%emt 0:00:05]} 32. f4 {[%emt 0:00:03]} d4+ {[%emt 0:00:04] Time (Lag: Av=0.63s, max=1.0s)} 0-1

[Event "Stay Safe Play From Home 294"]
[Site "Emanuel Lasker Arena"]
[Date "2020.07.10"]
[Round "5"]
[White "Haxhi Baha"]
[Black "Position"]
[Result "1-0"]
[WhiteElo "2053"]
[BlackElo "2182"]
[Annotator "TA"]
[PlyCount "169"]
[EventDate "2020.07.10"]
[EventType "swiss (blitz)"]

{[%evp 9,169,17,45,16,35,54,82,81,82,77,80,82,94,11,43,0,55,-25,36,43,135,152,159,151,166,159,137,144,354,210,222,221,209,202,205,-29995,181,181,170,39,169,164,288,208,185,190,184,162,303,160,165,157,187,71,118,0,1,0,0,0,0,0,12833,12834,3175,1333,967,16,12835,12835,2935,2329,12845,12846,12846,12847,12845,12841,12841,12842,12843,12840,12843,12839,12843,12843,12844,12844,12845,12843,12846,12847,12847,12847,12848,12848,12849,12847,12848,12845,12845,12846,12847,12847,12848,12847,12847,12847,12848,12848,12849,12849,12850,12849,12850,29981,12851,29979,27986,27999,27987,27999,27987,27999,27989,27989,27992,27992,27993,27988,27989,27986,27989,27989,27992,27989,27990,27985,27989,27989,27990,27988,27990,27986,27990,27990,27992,27991,27992,27992,27993,27993,27996,27996,27997,27997,27998,27998,27999,27999,27997,27997]} 1. e4 c5 2. Nf3 d6 3. d4 cxd4 4. Nxd4 a6 5. Nc3 e5 6. Nb3 {B54: Sicilian: 2...d6 3 d4 cxd4 4 Nxd4, Unusual Lines .} Be6 7. f4 Nc6 8. f5 {White is better.} Bxb3 9. axb3 Be7 {[#]} 10. Be3 $146 ({Predecessor:} 10. Bc4 b5 11. Bxf7+ Kxf7 12. Qd5+ Kf8 13. Qxc6 Qc8 14. Qxc8+ Rxc8 15. Rxa6 b4 16. Nd5 {1-0 (39) Sanz Velez,A (2283)-Santamaria Navarro,F (1783) ICCF email 2008}) 10... Nf6 11. Qf3 ({Better is} 11. g3 $16) 11... h6 12. O-O-O Nb4 (12... Rc8 $11) 13. Kb1 (13. Bc5 $14 Nc6 14. Kb1) 13... Qc7 (13... Rc8 $1 $11) 14. g4 $14 O-O-O (14... Rc8 $14) 15. Bc4 $36 {[%mdl 2048] Black is under strong pressure.} Rhf8 16. h4 $1 b5 17. Bd5 Nfxd5 18. exd5 Kb7 $2 (18... Kb8 $16) 19. g5 (19. Qe4 $142) 19... hxg5 $18 20. hxg5 Rc8 21. Rh7 Qa5 {And now ...Rxc3! would win.} 22. Bd2 $4 {[%mdl 8192] [#]} (22. Qe4 $18) 22... Nxc2 $4 {[%mdl 8192]} (22... Rxc3 $1 {[%mdl 512] mates} 23. Bxc3 (23. bxc3 Qa2+) 23... Qa2+ 24. Kc1 Bxg5+ 25. Qf4 Bxf4+ 26. Bd2 Qa1#) 23. Kxc2 b4 {[#]} 24. Rxg7 (24. Kb1 $1 $18 bxc3 25. Bxc3) 24... bxc3 (24... Qa2 $1 $14) 25. Bxc3 Qc5 (25... Qa2 {was worth a try.}) 26. g6 Bf6 27. Rxf7+ Rxf7 28. gxf7 Qc7 (28... Rf8 $142 29. Qh5 Qc7) 29. Qh5 (29. Ra1 $18) 29... Rf8 $16 30. Rg1 Rxf7 31. Rg8 (31. Kb1 $18 {has better winning chances.}) 31... e4 32. Qg4 ({White should play} 32. Rg4 $16) 32... Re7 $11 33. Rf8 Bxc3 34. bxc3 {[%mdl 4096] Endgame f6 is the strong threat. KQR-KQR} Qc5 35. Qg8 {Threatens to win with Rb8+.} Qc7 $2 {[%mdl 8192]} (35... Qf2+ $11 36. Kb1 Qe1+ 37. Kb2 Qf2+ 38. Ka3 Qc5+ {[%mdl 64] Double Attack} 39. Kb2 Qf2+ 40. Kb1 Qf1+ 41. Ka2 Qf2+ 42. Ka3 Qc5+ {[%mdl 64] Double Attack} 43. Kb2 Qf2+) 36. f6 $18 Rh7 {[#]} 37. Qg1 (37. Rb8+ $142 $1 {[%mdl 512]} Ka7 (37... Qxb8 38. Qxh7+) 38. Rc8 Rh2+ 39. Kd1 Rh1+ 40. Ke2 Rh2+ 41. Kf1) 37... Rh3 38. Qd4 $2 (38. Qg7 $18 {Hoping for Rf7!} Rxc3+ 39. Kd2 e3+ 40. Ke2) 38... Rd3 $2 {[%mdl 8192]} (38... Qa5 $11 39. Qb4+ (39. Rf7+ Kc8 $16) 39... Qxb4 40. cxb4 Rf3) 39. Qb4+ Ka7 40. f7 Rxd5 {[#]} 41. Ra8+ $1 {[%mdl 576] Decoy, Clearance, Promotion} Kxa8 42. f8=Q+ Ka7 43. Qg8 Rb5 44. Qbc4 Rc5 45. Qcf7 Rxc3+ 46. Kd2 e3+ 47. Ke2 Rc2+ 48. Kxe3 Rc3+ 49. Kf4 Kb6 50. Qxc7+ Rxc7 {KQ-KR} 51. Qd5 Rc6 52. b4 Kc7 53. Kf5 Rb6 54. Qa5 Kb7 55. Ke6 d5+ 56. Kd7 {White wants to mate with Qc5.} Rb5 57. Qa3 Ka7 58. Kc6 d4 59. Qb3 Rb6+ 60. Kc5 a5 61. Qf7+ Ka6 62. bxa5 Rb5+ 63. Kc4 Rxa5 {White mates.} 64. Qe6+ Ka7 65. Qd7+ Ka6 66. Qc6+ Ka7 67. Kxd4 Ra6 68. Qc7+ Ka8 69. Qd7 Ra1 70. Qe8+ Ka7 71. Qf7+ Ka8 72. Qd5+ Ka7 73. Qd7+ Ka8 74. Qc8+ Ka7 75. Qc5+ Ka8 76. Qc6+ Ka7 77. Qc3 Ra4+ 78. Kd5 Ra6 79. Qc7+ Ka8 80. Kc5 Ra1 81. Qd8+ Ka7 82. Qe7+ Ka8 83. Qf8+ Kb7 84. Qg7+ Ka6 85. Qxa1+ {What a bad dream for Black. Accuracy: White = 59%, Black = 53%.} 1-0

[Event "Stay Safe Play From Home 294"]
[Site "Emanuel Lasker Arena"]
[Date "2020.07.10"]
[Round "5"]
[White "Don59as"]
[Black "Lazieri3"]
[Result "1/2-1/2"]
[WhiteElo "2022"]
[BlackElo "2225"]
[Annotator "NA"]
[PlyCount "170"]
[EventDate "2020.07.10"]
[EventType "swiss (blitz)"]

1. c4 {[%emt 0:00:08]} c6 {[%emt 0:00:00]} 2. b3 {[%emt 0:00:02]} d5 {[%emt 0:00:00]} 3. Bb2 {[%emt 0:00:00]} Nf6 {[%emt 0:00:01]} 4. g3 {[%emt 0:00:01]} Bf5 {[%emt 0:00:10]} 5. Bg2 {[%emt 0:00:02]} e6 {[%emt 0:00:01]} 6. Nf3 {[%emt 0:00:01]} Be7 {[%emt 0:00:08]} 7. O-O {[%emt 0:00:01]} h6 {[%emt 0:00:01]} 8. d3 {[%emt 0:00:01]} O-O {[%emt 0:00:01]} 9. Nbd2 {[%emt 0:00:02]} Nbd7 {[%emt 0:00:01]} 10. Re1 {[%emt 0:00:02]} Qa5 {[%emt 0:00:17]} 11. Qc2 {[%emt 0:00:06]} Ba3 {[%emt 0:00:07]} 12. Bc3 {[%emt 0:00:02]} Bb4 {[%emt 0:00:02]} 13. Bxb4 {[%emt 0:00:04]} Qxb4 {[%emt 0:00:00]} 14. a3 {[%emt 0:00:01]} Qb6 {[%emt 0:00:02]} 15. b4 {[%emt 0:00:04]} Rfe8 {[%emt 0:00:08]} 16. c5 {[%emt 0:00:08]} Qc7 {[%emt 0:00:01]} 17. e4 {[%emt 0:00:07]} dxe4 {[%emt 0:00:02]} 18. dxe4 {[%emt 0:00:07]} Bh7 {[%emt 0:00:11]} 19. Nc4 {[%emt 0:00:09]} Re7 {[%emt 0:00:33]} 20. Nd6 {[%emt 0:00:14]} e5 {[%emt 0:00:04]} 21. Rad1 {[%emt 0:00:07]} b6 {[%emt 0:00:15]} 22. Nh4 {[%emt 0:00:09]} bxc5 {[%emt 0:00:03]} 23. bxc5 {[%emt 0:00:03]} Ne8 {[%emt 0:00:03]} 24. Bh3 {[%emt 0:00:30]} Ndf6 {[%emt 0:00:42]} 25. Bf5 {[%emt 0:00:12]} Bxf5 {[%emt 0:00:07]} 26. Nhxf5 {[%emt 0:00:01]} Re6 {[%emt 0:00:01]} 27. h3 {[%emt 0:00:09]} Rd8 {[%emt 0:00:17]} 28. Qc4 {[%emt 0:00:07]} Nxd6 {[%emt 0:00:06]} 29. cxd6 {[%emt 0:00:03]} Qd7 {[%emt 0:00:15]} 30. Qc5 {[%emt 0:00:16]} g6 {[%emt 0:00:04]} 31. Ne7+ {[%emt 0:00:04]} Kg7 {[%emt 0:00:03]} 32. Qxc6 {[%emt 0:00:10]} Qxc6 {[%emt 0:00:14]} 33. Nxc6 {[%emt 0:00:01]} Rdxd6 {[%emt 0:00:00]} 34. Nxa7 {[%emt 0:00:06]} Rxd1 {[%emt 0:00:01]} 35. Rxd1 {[%emt 0:00:01]} Ra6 {[%emt 0:00:02]} 36. Nb5 {[%emt 0:00:01]} Nxe4 {[%emt 0:00:01]} 37. Re1 {[%emt 0:00:04]} Nd6 {[%emt 0:00:03]} 38. Nxd6 {[%emt 0:00:04]} Rxd6 {[%emt 0:00:00]} 39. Rxe5 {[%emt 0:00:01]} Rd2 {[%emt 0:00:01]} 40. Ra5 {[%emt 0:00:01]} Ra2 {[%emt 0:00:00]} 41. Kg2 {[%emt 0:00:01]} h5 {[%emt 0:00:00]} 42. Ra6 {[%emt 0:00:01]} Kh7 {[%emt 0:00:01]} 43. Ra7 {[%emt 0:00:02]} Kg7 {[%emt 0:00:01]} 44. a4 {[%emt 0:00:00]} Kf6 {[%emt 0:00:01]} 45. Kf3 {[%emt 0:00:01]} Kg7 {[%emt 0:00:01]} 46. g4 {[%emt 0:00:02]} hxg4+ {[%emt 0:00:01]} 47. hxg4 {[%emt 0:00:01]} Kf6 {[%emt 0:00:01]} 48. Ra6+ {[%emt 0:00:04]} Kg7 {[%emt 0:00:01]} 49. g5 {[%emt 0:00:02]} Ra1 {[%emt 0:00:03]} 50. Kf4 {[%emt 0:00:02]} Ra2 {[%emt 0:00:16]} 51. f3 {[%emt 0:00:01]} Ra3 {[%emt 0:00:01]} 52. Ke4 {[%emt 0:00:01]} Ra1 {[%emt 0:00:01]} 53. f4 {[%emt 0:00:01]} Re1+ {[%emt 0:00:01]} 54. Kd5 {[%emt 0:00:01]} Rf1 {[%emt 0:00:01]} 55. Ke4 {[%emt 0:00:13]} Re1+ {[%emt 0:00:01]} 56. Kf3 {[%emt 0:00:01]} Ra1 {[%emt 0:00:02]} 57. a5 {[%emt 0:00:03]} Ra4 {[%emt 0:00:02]} 58. Kg4 {[%emt 0:00:02]} Kf8 {[%emt 0:00:02]} 59. Ra7 {[%emt 0:00:01]} Kg7 {[%emt 0:00:01]} 60. Kf3 {[%emt 0:00:02]} Kf8 {[%emt 0:00:02]} 61. Ke3 {[%emt 0:00:04]} Kg7 {[%emt 0:00:01]} 62. a6 {[%emt 0:00:00]} Kf8 {[%emt 0:00:02]} 63. Ra8+ {[%emt 0:00:02]} Kg7 {[%emt 0:00:01]} 64. a7 {[%emt 0:00:01]} Kh7 {[%emt 0:00:01]} 65. Kd3 {[%emt 0:00:01]} Kg7 {[%emt 0:00:01]} 66. Kc3 {[%emt 0:00:01]} Ra1 {[%emt 0:00:01]} 67. Kb4 {[%emt 0:00:01]} Ra2 {[%emt 0:00:02]} 68. Kc5 {[%emt 0:00:01]} Ra1 {[%emt 0:00:01]} 69. Kd6 {[%emt 0:00:03]} Ra5 {[%emt 0:00:05]} 70. Kc6 {[%emt 0:00:04]} Ra1 {[%emt 0:00:01]} 71. Kb6 {[%emt 0:00:02]} Rb1+ {[%emt 0:00:03]} 72. Kc7 {[%emt 0:00:01]} Rc1+ {[%emt 0:00:03]} 73. Kd6 {[%emt 0:00:02]} Ra1 {[%emt 0:00:02]} 74. Ke7 {[%emt 0:00:03]} Re1+ {[%emt 0:00:02]} 75. Kd6 {[%emt 0:00:01]} Ra1 {[%emt 0:00:00]} 76. f5 {[%emt 0:00:03]} gxf5 {[%emt 0:00:02]} 77. Ke5 {[%emt 0:00:00]} Ra5+ {[%emt 0:00:03]} 78. Kf4 {[%emt 0:00:01]} Kh7 {[%emt 0:00:02]} 79. Rf8 {[%emt 0:00:11]} Rxa7 {[%emt 0:00:03]} 80. Kxf5 {[%emt 0:00:00]} Kg7 {[%emt 0:00:01]} 81. Re8 {[%emt 0:00:01]} Ra5+ {[%emt 0:00:01]} 82. Re5 {[%emt 0:00:01]} Rxe5+ {[%emt 0:00:06]} 83. Kxe5 {[%emt 0:00:01]} Kg6 {[%emt 0:00:00]} 84. Kf4 {[%emt 0:00:00]} f6 {[%emt 0:00:02]} 85. gxf6 {[%emt 0:00:00]} Kxf6 {[%emt 0:00:00] (Lag: Av=0.72s, max=2.8s)} 1/2-1/2

[Event "Stay Safe Play From Home 294"]
[Site "Emanuel Lasker Arena"]
[Date "2020.07.10"]
[Round "5"]
[White "Patzeroglu"]
[Black "Haris kollari 13"]
[Result "1-0"]
[WhiteElo "1942"]
[BlackElo "1932"]
[Annotator "NA"]
[PlyCount "73"]
[EventDate "2020.07.10"]
[EventType "swiss (blitz)"]

1. e4 {[%emt 0:00:05]} e5 {[%emt 0:00:05]} 2. Nf3 {[%emt 0:00:01]} Nc6 {[%emt 0:00:02]} 3. Nc3 {[%emt 0:00:02]} a6 {[%emt 0:00:04]} 4. d4 {[%emt 0:00:04]} exd4 {[%emt 0:00:02]} 5. Nxd4 {[%emt 0:00:00]} Bb4 {[%emt 0:00:03]} 6. Nxc6 {[%emt 0:00:02]} bxc6 {[%emt 0:00:01]} 7. Bd3 {[%emt 0:00:03]} Bxc3+ {[%emt 0:00:02]} 8. bxc3 {[%emt 0:00:02]} Ne7 {[%emt 0:00:01]} 9. O-O {[%emt 0:00:01]} d6 {[%emt 0:00:01]} 10. f4 {[%emt 0:00:04]} O-O {[%emt 0:00:02]} 11. f5 {[%emt 0:00:01]} f6 {[%emt 0:00:06]} 12. Qh5 {[%emt 0:00:35]} d5 {[%emt 0:00:06]} 13. e5 {[%emt 0:00:10]} fxe5 {[%emt 0:00:03]} 14. f6 {[%emt 0:00:02]} Ng6 {[%emt 0:00:01]} 15. f7+ {[%emt 0:00:49]} Rxf7 {[%emt 0:00:05]} 16. Rxf7 {[%emt 0:00:10]} Kxf7 {[%emt 0:00:02]} 17. Bg5 {[%emt 0:00:01]} Qd6 {[%emt 0:00:09]} 18. Qxh7 {[%emt 0:00:07]} e4 {[%emt 0:00:01]} 19. Rf1+ {[%emt 0:00:03]} Ke8 {[%emt 0:00:07]} 20. Qg8+ {[%emt 0:00:18]} Nf8 {[%emt 0:00:01]} 21. Be2 {[%emt 0:00:04]} g6 {[%emt 0:00:03]} 22. Bh6 {[%emt 0:00:03]} Be6 {[%emt 0:00:06]} 23. Qxf8+ {[%emt 0:00:09]} Kd7 {[%emt 0:00:03]} 24. Qxa8 {[%emt 0:00:09]} Bf5 {[%emt 0:00:05]} 25. Be3 {[%emt 0:00:11]} c5 {[%emt 0:00:02]} 26. Qxa6 {[%emt 0:00:02]} Qe5 {[%emt 0:00:05]} 27. Qb5+ {[%emt 0:00:04]} c6 {[%emt 0:00:04]} 28. Qxc5 {[%emt 0:00:00]} Qe6 {[%emt 0:00:07]} 29. a4 {[%emt 0:00:10]} g5 {[%emt 0:00:07]} 30. a5 {[%emt 0:00:02]} g4 {[%emt 0:00:01]} 31. a6 {[%emt 0:00:01]} g3 {[%emt 0:00:01]} 32. hxg3 {[%emt 0:00:02]} Bh3 {[%emt 0:00:03]} 33. a7 {[%emt 0:00:03]} Bxg2 {[%emt 0:00:01]} 34. Kxg2 {[%emt 0:00:02]} d4 {[%emt 0:00:03]} 35. Qxd4+ {[%emt 0:00:10]} Ke7 {[%emt 0:00:03]} 36. Bg5+ {[%emt 0:00:03]} Qf6 {[%emt 0:00:04]} 37. Qxf6+ {[%emt 0:00:04] Haris kollari 13 resigns (Lag: Av=1.29s, max=4.2s)} 1-0

[Event "Stay Safe Play From Home 294"]
[Site "Emanuel Lasker Arena"]
[Date "2020.07.10"]
[Round "5"]
[White "Bellbox"]
[Black "Dukic"]
[Result "0-1"]
[WhiteElo "1913"]
[BlackElo "1848"]
[PlyCount "108"]
[EventDate "2020.07.10"]
[EventType "swiss (blitz)"]

1. e4 {[%emt 0:00:01]} c6 {[%emt 0:00:03]} 2. d4 {[%emt 0:00:03]} d6 {[%emt 0:00:01]} 3. Bd3 {[%emt 0:00:06]} Nd7 {[%emt 0:00:02]} 4. f4 {[%emt 0:00:02]} e5 {[%emt 0:00:01]} 5. Nf3 {[%emt 0:00:02]} Qc7 {[%emt 0:00:10]} 6. O-O {[%emt 0:00:03]} Be7 {[%emt 0:00:01]} 7. Kh1 {[%emt 0:00:08]} Ngf6 {[%emt 0:00:02]} 8. Nbd2 {[%emt 0:00:23]} exf4 {[%emt 0:00:17]} 9. Nb3 {[%emt 0:00:14]} Nh5 {[%emt 0:00:03]} 10. Ng1 {[%emt 0:00:17]} g6 {[%emt 0:00:03]} 11. Nh3 {[%emt 0:00:02]} O-O {[%emt 0:01:18]} 12. Nxf4 {[%emt 0:00:04]} Ndf6 {[%emt 0:00:13]} 13. Qe1 {[%emt 0:00:17]} Nxf4 {[%emt 0:00:09]} 14. Bxf4 {[%emt 0:00:02]} Nh5 {[%emt 0:00:03]} 15. Bh6 {[%emt 0:00:04]} Re8 {[%emt 0:00:02]} 16. Qf2 {[%emt 0:00:06]} Bf6 {[%emt 0:00:07]} 17. Rae1 {[%emt 0:00:14]} Bh8 {[%emt 0:00:06]} 18. c3 {[%emt 0:00:44]} c5 {[%emt 0:00:04]} 19. Bb5 {[%emt 0:00:19]} Re7 {[%emt 0:00:14]} 20. dxc5 {[%emt 0:00:12]} dxc5 {[%emt 0:00:02]} 21. Qxc5 {[%emt 0:00:09]} Be6 {[%emt 0:00:13]} 22. Qxc7 {[%emt 0:00:02]} Rxc7 {[%emt 0:00:02]} 23. Be2 {[%emt 0:00:03]} a5 {[%emt 0:00:03]} 24. Nd4 {[%emt 0:00:01]} Bxa2 {[%emt 0:00:03]} 25. Bxh5 {[%emt 0:00:01]} gxh5 {[%emt 0:00:02]} 26. Nf5 {[%emt 0:00:01]} Be5 {[%emt 0:00:04]} 27. Re3 {[%emt 0:00:05]} Be6 {[%emt 0:00:02]} 28. Rh3 {[%emt 0:00:01]} a4 {[%emt 0:00:07]} 29. Rxh5 {[%emt 0:00:01]} a3 {[%emt 0:00:08]} 30. bxa3 {[%emt 0:00:01]} Bxc3 {[%emt 0:00:02]} 31. Rg5+ {[%emt 0:00:00]} Kh8 {[%emt 0:00:02]} 32. Bg7+ {[%emt 0:00:01]} Bxg7 {[%emt 0:00:02]} 33. Nxg7 {[%emt 0:00:00]} Bc4 {[%emt 0:00:08]} 34. Ra1 {[%emt 0:00:02]} f6 {[%emt 0:00:02]} 35. Rg3 {[%emt 0:00:01]} Rxg7 {[%emt 0:00:01]} 36. Rxg7 {[%emt 0:00:01]} Kxg7 {[%emt 0:00:01]} 37. h3 {[%emt 0:00:00]} b5 {[%emt 0:00:01]} 38. Kg1 {[%emt 0:00:00]} Bd3 {[%emt 0:00:02]} 39. Kf2 {[%emt 0:00:01]} Bxe4 {[%emt 0:00:01]} 40. g3 {[%emt 0:00:00]} Bd5 {[%emt 0:00:01]} 41. h4 {[%emt 0:00:00]} Bc4 {[%emt 0:00:01]} 42. Ke3 {[%emt 0:00:01]} Kg6 {[%emt 0:00:01]} 43. Kf4 {[%emt 0:00:01]} h5 {[%emt 0:00:01]} 44. g4 {[%emt 0:00:01]} hxg4 {[%emt 0:00:03]} 45. Kxg4 {[%emt 0:00:00]} Ra4 {[%emt 0:00:01]} 46. Kg3 {[%emt 0:00:01]} Kh5 {[%emt 0:00:01]} 47. Kf4 {[%emt 0:00:05]} Be6+ {[%emt 0:00:03]} 48. Kf3 {[%emt 0:00:01]} Kxh4 {[%emt 0:00:01]} 49. Rh1+ {[%emt 0:00:03]} Kg5 {[%emt 0:00:01]} 50. Rg1+ {[%emt 0:00:00]} Kf5 {[%emt 0:00:01]} 51. Ra1 {[%emt 0:00:01]} b4 {[%emt 0:00:02]} 52. Ke3 {[%emt 0:00:02]} Rxa3+ {[%emt 0:00:01]} 53. Rxa3 {[%emt 0:00:00]} bxa3 {[%emt 0:00:01]} 54. Kd3 {[%emt 0:00:00]} a2 {[%emt 0:00:00] Bellbox resigns (Lag: Av=0.77s, max=2.1s)} 0-1